Most Polluted Countries - Statistics

General Stats
  • This quiz has been taken 28 times
  • The average score is 13 of 25
Answer Stats
# Country % Correct
50.6 India
100%
31.0 China
88%
73.7 Pakistan
85%
78.0 Bangladesh
81%
40.1 Nigeria
69%
39.8 Egypt
65%
35.5 Indonesia
65%
42.8 Nepal
58%
28.7 Vietnam
54%
91.8 Chad
50%
58.2 DR Congo
50%
38.4 Iraq
50%
30.2 Kuwait
46%
27.5 Laos
46%
35.8 Ghana
42%
31.3 Qatar
42%
33.7 United Arab Emirates
42%
31.8 Bahrain
35%
41.0 Uganda
35%
27.6 Cameroon
31%
40.8 Rwanda
31%
46.3 Tajikistan
31%
40.3 Burundi
27%
31.4 Uzbekistan
23%
35.2 Gambia
15%
No matching quizzes found
Score Distribution
Percent of People with Each Score
Percentile by Number Answered
Your Score History
You have not taken this quiz